000 nam a22 a 4500
999 _c4479
_d4479
003 AKMAL
005 20170530123720.0
008 170530s2006 my e l 000 0 may d
020 _a9678913186 (kkt.)
040 _cAKMAL
082 0 4 _a344.595052 MAL
_222
090 0 0 _a344.595052
_bMAL
110 1 _aMalaysia
_9400
245 1 0 _aAkta Polis 1967 (Akta 344) :
_b(hingga 25hb September 2006) /
_cdisusun oleh Lembaga Penyelidikan Undang-undang
260 _aPetaling Jaya :
_bInternational Law Book Services,
_c2006
300 _a74ms. ;
_c24cm.
490 1 _aUndang-undang Malaysia
650 1 0 _aPolice
_xLaw and legislation
_zMalaysia
_98682
650 2 0 _aPolice regulations
_zMalaysia
_98685
710 2 _aLembaga Penyelidikan Undang-Undang
_98686
830 0 _aUNDANG-UNDANG MALAYSIA
_98687
942 _2ddc
_cBOOK